Les 25 villes les plus peuplées par population intra muros - Statistiques

Statistiques générales
  • Ce quiz a été pris 155 fois
  • Le résultat moyen est 20 sur 25
Statistiques - réponses
Population Ville peuplée Pays % Correct
21 150 000 Pékin Chine
99%
8 405 837 New York Etats-Unis
96%
9 071 577 Tokyo Japon
96%
12 111 194 Moscou Russie
95%
16 787 941 Delhi Inde
94%
8 416 535 Londres Royaume-Uni
94%
11 922 949 Le Caire Egypte
93%
8 874 724 Mexico Mexique
93%
9 888 055 Séoul Corée du Sud
93%
12 478 447 Bombay Inde
92%
14 160 467 Istanbul Turquie
90%
8 693 387 Lima Pérou
88%
10 988 329 Jakarta Indonésie
87%
11 821 873 Sao Paulo Brésil
86%
23 654 000 Shanghai Chine
86%
21 000 000 Lagos Nigéria
83%
10 235 000 Kinshasa Congo (RDC)
82%
12 043 977 Dacca Bangladesh
80%
12 700 800 Canton Chine
76%
16 051 521 Karachi Pakistan
70%
11 318 745 Lahore Pakistan
51%
8 425 970 Bangalore Inde
45%
9 341 844 Tianjin Chine
31%
10 467 400 Shenzhen Chine
27%
32 800 000 Chongqing Chine
24%
Aucun quiz correspondant
Distribution des résultats
% des personnes avec chaque résultat
Percentile par nombre de réponses
Votre historique - résultats
Vous n’avez pas pris ce quiz